| 000 | 00509nam a2200205Ia 4500 | ||
|---|---|---|---|
| 008 | 170918s9999 xx 000 0 und d | ||
| 020 | _a9780439264389 | ||
| 050 | _bN571 2000 | ||
| 100 | _aNeye, Emily | ||
| 245 | _aButterflies / | ||
| 245 | _cEmily Neye ; illustrated by Ron Broda. | ||
| 260 | _aNew York : | ||
| 260 | _bScholastic, | ||
| 260 | _c2000 | ||
| 300 | _a32 pages : | ||
| 300 | _bcolored illustration ; | ||
| 300 | _c23cm. | ||
| 440 | _aPenguin young reader level 2. | ||
| 500 | _a180 | ||
| 999 |
_c342667 _d342667 |
||